Words Starting with 'MAN' - Statistics

General Stats
  • This quiz has been taken 53 times
  • The average score is 15 of 20
Answer Stats
Hint Man-word % Correct
A Lion's collar? Mane
94%
A New York Island? Manhattan
94%
Food from Heaven? Manna
94%
Organised search for a prisoner? Manhunt
91%
A large, expensive house? Mansion
91%
A favourite fruit? Mango
89%
More than a few? Many
89%
Lower jawbone? Mandible
83%
Cosmetic hand treatment? Manicure
83%
Unpublished written work? Manuscript
81%
He is in charge? Manager
74%
An opening to allow access beneath? Manhole
74%
Not a Lute or a Banjo? Mandolin
70%
West of Ontario? Manitoba
70%
A little Orange Language? Mandarin
68%
Help the Roses grow? Manure
62%
Tropical coastal-tree growth? Mangrove
60%
Is it a skin disease? Mange
43%
Mn 25 ? Manganese
32%
A colorful Primate? Mandrill
30%
No matching quizzes found
Score Distribution
Percent of People with Each Score
Percentile by Number Answered
Your Score History
You have not taken this quiz